Biblioteca

La vida de las abejas / Maurice Maeterlinck ; Pedro de Tornamira, Traductor (Registro nro. 42144)

Detalles MARC
000 -LÍDER
Campo fijo de descripción fija 004680000a22001690004500
020 ## - NÚMERO INTERNACIONAL NORMALIZADO PARA LIBROS
Número Internacional Normalizado del libro 84-7530-314-5
041 0# - CÓDIGO DE IDIOMA
Código de idioma para texto/pista de sonido o título separado
082 04 - NÚMERO DE CLASIFICACIÓN DECIMAL DEWEY
Número de clasificación G 848.914 M186v
001 - NÚMERO DE CONTROL
Campo de control 13154
100 1# - ASIENTO PRINCIPAL--NOMBRE PERSONAL
Nombre personal Maeterlinck, Mauricio
245 10 - TÍTULO
Título del Material La vida de las abejas / Maurice Maeterlinck ; Pedro de Tornamira, Traductor
260 ## - PUBLICACIÓN, DISTRIBUCIÓN, ETC. (PIE DE IMPRENTA)
Lugar de publicación, distribución, etc. Madrid : Orbis
300 ## - DESCRIPCIÓN FÍSICA
Extensión 192 Pag
500 ## - NOTA GENERAL
Nota General Título original : La vie des abeilles
650 14 - ASIENTO SECUNDARIO DE MATERIA - TERMINO TEMÁTICO
Término temático o nombre geográfico como elemento de entrada ENSAYO FRANCES \ AVICULTURA \ ABEJAS
942 ## - TIPO DE MATERIAL (KOHA)
Tipo de Item KOHA Libros General
Existencias
Estado de Material Estado de Perdido Estado de Dañado No para Préstamo Colección Tomo Biblioteca de Origen Biblioteca Permanente Fecha de Adquisición Total de Préstamos Signatura Topográfica Código de Barras Última vez visto Ejemplar/Existencia Fecha de Remplazo Tipo de Material
        Colección General   Biblioteca FUSBC Biblioteca FUSBC 21/10/2005   G 848.914 M186v 11231 12/12/2019 1 26/01/2016 Libros General

Biblioteca FUSBC | Teléfono: (57+4) 349 88 10 Ext. 141| WhatsApp (+57) 3005338115 
E-mail: biblioteca@unisbc.edu.co | Calle 76 87-14 Robledo Palenque, Medellín, Colombia

Con tecnología Koha